<?xml version="1.0" encoding="UTF-8"?>
<record
    xmlns:xsi="http://www.w3.org/2001/XMLSchema-instance"
    xsi:schemaLocation="http://www.loc.gov/MARC21/slim http://www.loc.gov/standards/marcxml/schema/MARC21slim.xsd"
    xmlns="http://www.loc.gov/MARC21/slim">

  <leader>00826nam a22001457a 4500</leader>
  <controlfield tag="008">200129b        xxu||||| |||| 00| 0 eng d</controlfield>
  <datafield tag="020" ind1=" " ind2=" ">
    <subfield code="a">8887029040</subfield>
  </datafield>
  <datafield tag="082" ind1=" " ind2=" ">
    <subfield code="a">709.2</subfield>
    <subfield code="b">G672l</subfield>
  </datafield>
  <datafield tag="100" ind1=" " ind2=" ">
    <subfield code="a">Gorovoy, Jerry y Asbaghi, Pandora Tabatabai</subfield>
    <subfield code="9">7277</subfield>
  </datafield>
  <datafield tag="245" ind1=" " ind2=" ">
    <subfield code="a">Louise Bourgeois. Blue Days and Pink Days.</subfield>
  </datafield>
  <datafield tag="260" ind1=" " ind2=" ">
    <subfield code="a">Italia</subfield>
    <subfield code="b">Fondazione Prada</subfield>
    <subfield code="c">1997</subfield>
  </datafield>
  <datafield tag="300" ind1=" " ind2=" ">
    <subfield code="a">320 p.</subfield>
    <subfield code="b">ill.</subfield>
    <subfield code="c">30 x 24,2 cm</subfield>
  </datafield>
  <datafield tag="505" ind1=" " ind2=" ">
    <subfield code="t">"Art, no less than wisdom, waits on life" Intorno a Louise Bourgeois: temi, immagini e persone"</subfield>
    <subfield code="r">Pier Paolo Rinaldi y Pandora Tabatabai Asbaghi</subfield>
    <subfield code="t">Louise Bourgeouis, Femme-Temps</subfield>
    <subfield code="r">Paulo Herkenhoff</subfield>
    <subfield code="t">Declarations by the artist </subfield>
    <subfield code="t">Notes to biography</subfield>
    <subfield code="t">Sources </subfield>
    <subfield code="t">List of works</subfield>
    <subfield code="t">Appendix</subfield>
    <subfield code="t">Photographic credits</subfield>
  </datafield>
  <datafield tag="650" ind1=" " ind2=" ">
    <subfield code="2">Bourgeoois, Louise. 1911-2010. Exhibici&#xF3;n.</subfield>
    <subfield code="v">Escultura</subfield>
    <subfield code="v">Pintura</subfield>
    <subfield code="v">Instalaci&#xF3;n</subfield>
    <subfield code="v">Arte contempor&#xE1;neo</subfield>
    <subfield code="x">Biograf&#xED;a</subfield>
    <subfield code="9">7278</subfield>
  </datafield>
  <datafield tag="999" ind1=" " ind2=" ">
    <subfield code="c">1888</subfield>
    <subfield code="d">1888</subfield>
  </datafield>
  <datafield tag="952" ind1=" " ind2=" ">
    <subfield code="0">0</subfield>
    <subfield code="1">0</subfield>
    <subfield code="2">ddc</subfield>
    <subfield code="4">0</subfield>
    <subfield code="7">0</subfield>
    <subfield code="a">LV</subfield>
    <subfield code="b">LV</subfield>
    <subfield code="c">Monograf&#xED;as</subfield>
    <subfield code="d">2020-01-29</subfield>
    <subfield code="l">0</subfield>
    <subfield code="o">709.2 G672l</subfield>
    <subfield code="p">000629</subfield>
    <subfield code="r">2020-01-29 00:00:00</subfield>
    <subfield code="w">2020-01-29</subfield>
    <subfield code="y">01</subfield>
  </datafield>
</record>
